094_ Personnalités nées un 4 avril par images - Statistiques

Statistiques générales
  • Ce quiz a été pris 28 fois
  • Le résultat moyen est 4 sur 9
Statistiques - réponses
Par images Hint Réponse % Correct
Acteur Robert Downey Jr.
85%
Animateur Frédéric Lopez
62%
Youtubeur Benjamin Verrecchia
54%
Humoriste David Marsais
50%
Homme d'affaires Serge Dassault
42%
Écrivaine Marguerite Duras
35%
Politicien Bruno Mégret
19%
Actrice Jamie Lynn Spears
12%
Acteur Peter Vaughan
0%
Aucun quiz correspondant
Distribution des résultats
% des personnes avec chaque résultat
Percentile par nombre de réponses
Votre historique - résultats
Vous n’avez pas pris ce quiz